Banka dát štruktúrnych bilancií ČSSR

Uložené v:
Podrobná bibliografia
Médium: Kniha
Jazyk:Slovak
Vydavateľské údaje: Bratislava Výskumný ústav sociálno-ekonomických informácií a automatizácie v riadení 1984
Edícia:Výskumné práce č. 15
Tagy: Pridať tag
Žiadne tagy, Buďte prvý, kto otaguje tento záznam!

MARC

LEADER 00000nam a2200000 4500
001 c108311
005 20181203150301.6
041 0 |a slo 
044 |a SK 
245 1 0 |a Banka dát štruktúrnych bilancií ČSSR 
264 1 |a Bratislava  |b Výskumný ústav sociálno-ekonomických informácií a automatizácie v riadení  |c 1984 
300 |a 87 s. 
490 1 |a Výskumné práce  |v č. 15 
830 0 |a Výskumné práce  |v č. 15